000 00362nam a22001457a 4500
003 MACL
005 20191004154104.0
008 191004b xxu||||| |||| 00| 0 eng d
040 _cMACL
100 _aSahi, S P
_976892
245 _aConspiracy Theories and Counter Terrorism
260 _aDelhi
_bNeha Pub
_c2017
650 _aTerrorism
_917107
942 _2ddc
_cBK
999 _c61159
_d61159